000 00748cam a22002531 4500
001 15974
003 BD-RjUL
005 20211208235926.0
008 140211s1963 enk 000 0 eng d
035 _a(BD-RjUL)16029
035 _a(OCoLC)776028
040 _aDLC
_cPPi
_dUk
_dDLC
_dBD-RjUL
_beng
041 _aeng
082 0 0 _a658.83
_bBAM 1963
100 1 _aBarksdale, Hiram C.
_949487
245 1 0 _aProblems in marketing research :
_bin-basket simulation /
_c Hiram C.Barksdale,
260 _aNew York :
_bHolt, Rinehart and Winston,
_c1963
300 _axi, 446 p. :
_billus. ;
_c28 cm.
504 _aIncludes bibliography.
650 0 _aMarketing research.
_949488
942 _2ddc
_cBK
999 _c15974
_d15974